[Event "Eastern Asia-ch U12"]
[Site "Tornelo INT"]
[Date "2021.10.31"]
[Round "9"]
[White "Vishwajit, S."]
[Black "Hettiarachchi, Jeewantha Aloka"]
[Result "1-0"]
[WhiteElo "1292"]
[BlackElo "1107"]
[PlyCount "79"]
[EventDate "2021.10.29"]
[EventType "swiss"]
[EventRounds "9"]
[EventCountry "NET"]
[SourceTitle "EXT 2023"]
[Source "ChessBase"]
[SourceDate "2022.10.05"]
[SourceVersion "1"]
[SourceVersionDate "2022.10.05"]
[SourceQuality "1"]

1. d4 d5 2. Bf4 Nf6 3. e3 e6 4. Nd2 Bd6 5. Bg3 0-0 6. Bd3 c5 7. c3 Nc6 8. Ngf3 b6 9. Ne5 Bb7 10. f4 Ne7 11. 0-0 Nf5 12. Bf2 Be7 13. g4 Nd6 14. g5 Nfe4 15. h4 f6 16. Nef3 fxg5 17. hxg5 g6 18. Ne5 Bxg5 19. Bxe4 dxe4 20. fxg5 Qxg5+ 21. Qg4 Qe7 22. Bh4 Rxf1+ 23. Rxf1 Qe8 24. Rf6 Kg7 25. Rxe6 Qf8 26. Rxg6+ hxg6 27. Qxg6+ Kh8 28. Bf6+ Qxf6 29. Qxf6+ Kh7 30. Qxd6 Rg8+ 31. Kf2 Bc8 32. Nxe4 Bf5 33. Nf6+ Kg7 34. Nxg8 Kxg8 35. Qf6 Bb1 36. Qf7+ Kh8 37. Ng4 cxd4 38. Nf6 dxe3+ 39. Kxe3 Bxa2 40. Qh7# 1-0